Sports Quiz

Random Sports or NFL Quiz

Big 4 Teams Eastern Time Zone Quiz Stats

 Plays Quiz Updated Jan 5, 2017

Score 0/60 Timer 06:00
0 Plays Today
League Team % Correct
MLBCincinnati Reds
93.6%
NFLNew York Jets
92.9%
NFLNew York Giants
92.5%
NFLNew England Patriots
92%
MLBNew York Yankees
90.5%
NFLCarolina Panthers
89.6%
NHLFlorida Panthers
89.5%
MLBBoston Red Sox
88.5%
NFLMiami Dolphins
87.9%
MLBNew York Mets
87.7%
NFLPhiladelphia Eagles
87.4%
NFLAtlanta Falcons
87.2%
NFLPittsburgh Steelers
87%
NBANew York Knicks
85.9%
NBABoston Celtics
85.8%
NFLWashington Redskins
85.6%
NFLCleveland Browns
85.6%
NBABrooklyn Nets
84.8%
NBAMiami Heat
84.4%
MLBAtlanta Braves
84.1%
NFLBaltimore Ravens
83.1%
NFLCincinnati Bengals
82.7%
NFLBuffalo Bills
82.6%
MLBPhiladelphia Phillies
82.1%
NHLBoston Bruins
81.9%
NHLNew York Rangers
81.6%
NBAAtlanta Hawks
81.2%
MLBWashington Nationals
81.2%
MLBMiami Marlins
81%
NFLTampa Bay Buccaneers
80.1%
League Team % Correct
NFLJacksonville Jaguars
79.9%
MLBPittsburgh Pirates
79.9%
NBAPhiladelphia 76ers
79.6%
MLBBaltimore Orioles
79.2%
NHLPittsburgh Penguins
78.3%
NHLNew York Islanders
78.2%
MLBTampa Bay Rays
78.2%
MLBCleveland Indians
78%
NFLDetroit Lions
77.1%
NBACleveland Cavaliers
76.7%
NHLPhiladelphia Flyers
76.7%
NBAWashington Wizards
76.3%
MLBDetroit Tigers
73.9%
MLBToronto Blue Jays
73.6%
NFLIndianapolis Colts
72.6%
NHLWashington Capitals
71.5%
NBAOrlando Magic
71.5%
NBADetroit Pistons
71%
NHLDetroit Red Wings
70.8%
NHLToronto Maple Leafs
70%
NBACharlotte Hornets
66.6%
NBAToronto Raptors
66.6%
NBAIndiana Pacers
66.5%
NHLMontreal Canadiens
65.4%
NHLTampa Bay Lightning
65.3%
NHLNew Jersey Devils
64.7%
NHLCarolina Hurricanes
64.7%
NHLColumbus Blue Jackets
62.8%
NHLBuffalo Sabres
62.6%
NHLOttawa Senators
59.2%

You're not logged in!

Compare scores with friends on all Sporcle quizzes.
OR
Log In

Sporcle TV

Today on Sporcle TV


Watch our educational content, quiz creation guides, and fun videos on Sporcle TV.

Show Comments

Extras

Top Quizzes Today


Score Distribution

Your Account Isn't Verified!

In order to create a playlist on Sporcle, you need to verify the email address you used during registration. Go to your Sporcle Settings to finish the process.

Report this User

Report this user for behavior that violates our Community Guidelines.

Details: